000
00261nam a2200109Ia 4500
008
190914s9999||||xx |||||||||||||| ||und||
100
_a
Hanselman, Littlefield
245
0
_a
Mastering MATLAB 7
260
_a
New Delhi
_b
Dorling
_c
2006
300
_a
390
942
_c
BK
999
_c
9914
_d
9914